Music Quiz

Random Music or Lyrics Quiz

Tegan and Sara 'I Couldn't Be Your Friend' Lyrics Quiz Stats

Quiz not verified by Sporcle

Also try: 1980s Lyric Match
Challenge
Share
Tweet
Embed
Score 0/300 Timer 10:00
0 Plays Today
Answer % Correct
I
100%
I
100%
I
100%
I
100%
I
100%
I
100%
I
100%
I
100%
I
100%
I
100%
I
100%
I
100%
I
100%
I
100%
I
100%
I
100%
I
100%
I
100%
I
100%
I
100%
I
100%
I
100%
I
100%
I
100%
your
99.4%
you
99.4%
your
99.4%
you
99.4%
you
99.4%
you
99.4%
you
99.4%
you
99.4%
you
99.4%
your
99.4%
you
99.4%
your
99.4%
your
99.4%
your
99.4%
your
99.4%
your
99.4%
your
99.4%
your
99.4%
you
99.4%
your
99.4%
you
99.4%
you
99.4%
you
99.4%
you
99.4%
your
99.4%
you
99.4%
your
99.4%
your
99.4%
your
99.4%
your
99.4%
your
99.4%
your
99.4%
you
99.4%
you
99.4%
you
99.4%
You
99.4%
you
99.4%
You
99.4%
you
99.4%
you
99.4%
your
99.4%
your
99.4%
your
99.4%
your
99.4%
your
99.4%
be
98.8%
be
98.8%
be
98.8%
be
98.8%
be
98.8%
be
98.8%
be
98.8%
be
98.8%
be
98.8%
be
98.8%
be
98.8%
be
98.8%
be
98.8%
be
98.8%
be
98.8%
be
98.8%
be
98.8%
be
98.8%
a
98.2%
a
98.2%
friend
98.2%
if
98.2%
friend
98.2%
friend
98.2%
if
98.2%
friend
98.2%
friend
98.2%
a
98.2%
friend
98.2%
if
98.2%
friend
98.2%
Answer % Correct
friend
98.2%
if
98.2%
friend
98.2%
friend
98.2%
friend
98.2%
if
98.2%
friend
98.2%
friend
98.2%
if
98.2%
friend
98.2%
friend
98.2%
couldn't
97.6%
couldn't
97.6%
couldn't
97.6%
couldn't
97.6%
couldn't
97.6%
couldn't
97.6%
couldn't
97.6%
couldn't
97.6%
couldn't
97.6%
couldn't
97.6%
couldn't
97.6%
couldn't
97.6%
couldn't
97.6%
couldn't
97.6%
couldn't
97.6%
Even
97%
Even
97%
Even
97%
Even
97%
even
97%
Even
97%
tried
96.3%
tried
96.3%
tried
96.3%
tried
96.3%
tried
96.3%
tried
96.3%
me
95.7%
me
95.7%
me
95.7%
me
95.7%
me
95.7%
me
95.7%
me
95.7%
me
95.7%
me
95.7%
me
95.7%
again
94.5%
again
94.5%
again
94.5%
again
94.5%
again
94.5%
again
94.5%
it
92.7%
it
92.7%
it
92.7%
it
92.7%
it
92.7%
it
92.7%
it
92.7%
it
92.7%
it
92.7%
it
92.7%
it
92.7%
it
92.7%
Do
91.5%
Do
91.5%
Do
91.5%
Do
91.5%
Do
91.5%
Do
91.5%
Do
91.5%
Do
91.5%
to
90.2%
to
90.2%
to
90.2%
to
90.2%
to
90.2%
say
89.6%
was
89.6%
say
89.6%
was
89.6%
say
89.6%
say
89.6%
say
89.6%
say
89.6%
Does
89%
when
89%
Does
89%
when
89%
Now
89%
Now
89%
Does
89%
when
89%
Does
89%
when
89%
Now
89%
Now
89%
Now
89%
Answer % Correct
Now
89%
Now
89%
heart
87.8%
heart
87.8%
think
87.8%
won't
87.8%
won't
87.8%
think
87.8%
won't
87.8%
won't
87.8%
about
87.2%
for
87.2%
for
87.2%
about
87.2%
for
87.2%
wanna
86.6%
would
86.6%
wanna
86.6%
would
86.6%
would
86.6%
wanna
86.6%
would
86.6%
wanna
86.6%
wanna
86.6%
wanna
86.6%
wanna
86.6%
get
86%
around
86%
that
86%
That
86%
get
86%
around
86%
that
86%
break
84.8%
ache
83.5%
cheater
83.5%
believe
83.5%
believe
83.5%
believe
83.5%
liar
82.9%
did
82.9%
Though
82.9%
did
82.9%
so
82.9%
did
82.9%
what
82.3%
they
82.3%
good
82.3%
worst
82.3%
worst
82.3%
what
82.3%
they
82.3%
good
82.3%
worst
82.3%
worst
82.3%
best
81.7%
Try
81.7%
Try
81.7%
Try
81.7%
Try
81.7%
Thought
81.1%
Thought
81.1%
thought
81.1%
Left
79.9%
deny
79.3%
Call
79.3%
die
78.7%
crumble
78.7%
body
78.7%
body
78.7%
crumble
78.7%
tumble
78%
tumble
78%
shake
77.4%
away
77.4%
criminal
76.8%
all
76.8%
all
76.8%
all
76.8%
all
76.8%
cry
76.2%
had
76.2%
had
76.2%
had
76.2%
had
76.2%
neither
75.6%
fictional
75.6%
wrong
75%
wrong
75%
wrong
75%
wrong
75%
Led
74.4%
astray
74.4%
Stole
73.8%
sounds
73.2%
conceal
72%
conceal
72%
conceal
72%
conceal
72%
wake
64.6%

You're not logged in!

Compare scores with friends on all Sporcle quizzes.
Sign Up with Email
OR
Log In

You Might Also Like...

Show Comments

Extras

Top Quizzes Today


Score Distribution

Your Account Isn't Verified!

In order to create a playlist on Sporcle, you need to verify the email address you used during registration. Go to your Sporcle Settings to finish the process.

Report this User

Report this user for behavior that violates our Community Guidelines.

Details: